00613 2200205 4500001002100000008004100021035002000062245008300082100001800165250001000183260004700193300003100240020002200271084001600293520003000309082001000339650003400349990001200383990001200395INLIS000000000015321 ind  a0010-1222000400 aKreasi Cantik dari Limbah dan PlastikcDewi Istanti; penyunting, Tim Hiputindo aDEWI, Istanti acet.2 aYogyakarta :bHijaz Pustaka Mandiri,c2020 avi, 131 hal.: ilus.c24 cm a978-602-5790-10-2 a746.4 DEW k aBibliografi : hal.129-131 a746.4 aSENI DEKORASI. LIMBAH PLASTIK a10022 a a10022 b